000 00465nam a2200181Ia 4500
001 14830
005 20260306164943.0
008 260306t1997||||xx |||||||||||||| ||spa||
041 _aESP
082 _a519.4
_bS21
100 _aSangiacomo Carazas, Ángel
_eAUT
245 0 _aAnálisis numérico 1:
_by métodos del análisis con software
260 _c1997
300 _a313 páginas :
_c313 p.
650 _aGEN
654 _aCMA
942 _cLIB
_dJUS
_fJUS
_2ddc
_n
999 _c14830
_d14830